000
00378cam a2200169ua 4500
020
_c
Rs.2/-
041
_a
eng
_h
082
_a
320.58
_b
PYA/TO
100
_a
Pyrelal, .
245
_a
Towards new horizons
260
_a
Ahamadabad :
_b
Navajivan pub house ,
_c
1959.
300
_a
221 ; .
365
_a
Rs.2/-
504
_a
942
_c
BK
999
_c
11216
_d
11216